The Legend of Zelda Playable Characters Quiz Stats

 Plays Quiz Updated Apr 8, 2015

Challenge
Share
Tweet
Embed
Score 0/16 Timer 03:00
0 Plays Today
Game Character % Correct
All GamesLink
98.2%
Spirit TracksPrincess Zelda
72.5%
Ocarina of TimeEpona
70.4%
The Wind WakerTingle
46.6%
Twilight PrincessMidna
41.5%
The Wind WakerKing of Red Lions
40.4%
The Wind WakerMedli
35%
The Wind WakerSeagull
33.2%
Game Character % Correct
Skyward SwordGroose
32.1%
The Wind WakerMakar
30.9%
Majora's MaskKafei
30.9%
Skyward SwordCrimson Loftwing
29.5%
Oracle of Ages/SeasonsRicky
18.8%
Phantom HourglassGongoron
15.8%
Oracle of Ages/SeasonsMoosh
13.4%
Oracle of Ages/SeasonsDimitri
12.4%

You're not logged in!

Compare scores with friends on all Sporcle quizzes.
Join for Free
OR
Log In

You Might Also Like...

Show Comments

Extras

Top Quizzes Today


Score Distribution

Your Account Isn't Verified!

In order to create a playlist on Sporcle, you need to verify the email address you used during registration. Go to your Sporcle Settings to finish the process.

Report this User

Report this user for behavior that violates our Community Guidelines.

Details: